<?xml version="1.0" encoding="UTF-8"?>
<record
    xmlns:xsi="http://www.w3.org/2001/XMLSchema-instance"
    xsi:schemaLocation="http://www.loc.gov/MARC21/slim http://www.loc.gov/standards/marcxml/schema/MARC21slim.xsd"
    xmlns="http://www.loc.gov/MARC21/slim">

  <leader>00452nam a2200181Ia 4500</leader>
  <controlfield tag="008">230612s9999    xx            000 0 und d</controlfield>
  <datafield tag="041" ind1=" " ind2=" ">
    <subfield code="a">eng</subfield>
  </datafield>
  <datafield tag="082" ind1=" " ind2=" ">
    <subfield code="a">621.381 045 MOT</subfield>
  </datafield>
  <datafield tag="100" ind1=" " ind2=" ">
    <subfield code="a">Motorola</subfield>
  </datafield>
  <datafield tag="245" ind1=" " ind2=" ">
    <subfield code="a">Optoelectronics Device Data</subfield>
  </datafield>
  <datafield tag="260" ind1=" " ind2=" ">
    <subfield code="c">1987</subfield>
    <subfield code="b">Motorola</subfield>
  </datafield>
  <datafield tag="300" ind1=" " ind2=" ">
    <subfield code="a">369</subfield>
    <subfield code="c">Ref 64 E (1747)</subfield>
  </datafield>
  <datafield tag="365" ind1=" " ind2=" ">
    <subfield code="c">Rs.</subfield>
    <subfield code="b">270.00</subfield>
  </datafield>
  <datafield tag="500" ind1=" " ind2=" ">
    <subfield code="a">64 E</subfield>
  </datafield>
  <datafield tag="700" ind1=" " ind2=" ">
    <subfield code="a">Motorola</subfield>
  </datafield>
  <datafield tag="906" ind1=" " ind2=" ">
    <subfield code="d">B:963719-Mar-1993</subfield>
    <subfield code="c">ETC </subfield>
    <subfield code="b">40.5</subfield>
  </datafield>
  <datafield tag="999" ind1=" " ind2=" ">
    <subfield code="c">166029</subfield>
    <subfield code="d">166029</subfield>
  </datafield>
  <datafield tag="952" ind1=" " ind2=" ">
    <subfield code="0">0</subfield>
    <subfield code="1">0</subfield>
    <subfield code="2">ddc</subfield>
    <subfield code="3">Ref 64 E (1747)</subfield>
    <subfield code="4">0</subfield>
    <subfield code="7">0</subfield>
    <subfield code="8">REF</subfield>
    <subfield code="a">CCEP</subfield>
    <subfield code="b">CCEP</subfield>
    <subfield code="d">1993-03-29</subfield>
    <subfield code="e">Varma Book Distributors</subfield>
    <subfield code="f">ETC </subfield>
    <subfield code="g">229.50</subfield>
    <subfield code="i">9637</subfield>
    <subfield code="o">621.381 045 MOT</subfield>
    <subfield code="p">CCEP-BK-1747</subfield>
    <subfield code="r">2023-06-12 00:00:00</subfield>
    <subfield code="t">40.5</subfield>
    <subfield code="v">270.00</subfield>
    <subfield code="w">1993-03-19</subfield>
    <subfield code="y">BK</subfield>
    <subfield code="z">001747</subfield>
  </datafield>
</record>
